000 00450nam a2200181Ia 4500
001 3091
005 20260306144855.0
008 260306t1999||||xx |||||||||||||| ||spa||
041 _aESP
082 _a249.86
_bH41
100 _aHervada, Javier
_eAUT
245 0 _aCarta sobre el divorcio:
_bel matrimonio y la fe de la iglesia
260 _c1999
300 _a77 páginas :
_c21 cm
650 _aGEN
654 _aCHU
942 _cLIB
_dJUS
_fJUS
_2ddc
_n
999 _c3091
_d3091